00000000nam##2200000za#4500
0019.650910
003CaOODSP
00520210615114643
007ta
008150407|2007||||xxc|||||     f|0| 0 eng|d
020 |a978-0-662-46930-8
040 |aCaOODSP|beng
043 |an-cn---
0861 |aEn81-5/1-2007E
1101 |aCanada. |bEnvironment Canada. |bEnvironmental Protection Service.
24510|aCanadian environmental sustainability indicators, 2007 / |c[jointly issued by] Environment Canada, Statistics Canada, Health Canada.
260 |aOttawa - Ontario : |bEnvironment Canada. |c2007.
300 |avi, [2], 56p. : |bcoloured figs., coloured maps, graphs, references, tables, photographs ; |c28 cm.
5203 |aThis annual report presents environmental indicators for water quality, air quality, and greenhouse gas emissions. The water quality indicator documents the distribution of water quality at selected sites across Canada. The air quality indicator reports national and regional trends in ground-level ozone, a key component of smog, and fine particulate matter (PM2.5). The greenhouse gas indicator describes the trend in emissions and the contribution to the trend by energy production, energy consumption and other factors. The socio-economic context provides links to economic performance and social progress. The indicators are intended to assist those in government responsible for developing policy and measuring performance, while also helping individual Canadians who want to know more about the trends in their environment.
563 |aSoftcover
590 |a08-04|b2008-01-25
69007|aEnvironmental indicators|2gcpds
7102 |aHealth Canada.
77508|tIndicateurs canadiens de durabilité de l'environnement, 2007 / |w(CaOODSP)9.683978
7760#|tCanadian environmental sustainability indicators, 2007 |w(CaOODSP)9.690267